00915nam a2200229 i 450000100060000000300090000600500170001500700030003200800410003502000180007610000440009424500660013826000370020430000620024149000490030350000520035271000520040483000570045685200330051399900170054695201220056399612ES-MaACL20230906182527.0t|050913s1972 sp ||||1| spa d a84-217-5716-41 aMartínez Bande, José Manuel.97788313aEl final del frente norte / cJosé Manuel Martínez Bande. aMadrid : bSan Martín, c1972. a313 p., 11 lám.,13 map. pleg., 2 plan. pleg. ; c24 cm.1 aMonografías de la Guerra de España ; v8 3Precede al tít.: Servicio Histórico Militar1 aEspaña. bServicio Histórico Militar.939800 aMonografías de la Guerra de España ; v89184535 aES-MaACLjC-48921 bR.84158 c99612d99612 00104070aATENEOMbATENEOMcDEPO2d2008-01-17eSCl0oC-48921p1104013r2023-02-23 00:00:00w2023-02-23yMONOGRAFIA